| 000 | 02006nam a2200385 a 4500 | ||
|---|---|---|---|
| 001 | ebr10270737 | ||
| 003 | CaPaEBR | ||
| 006 | m u | ||
| 007 | cr cn||||||||| | ||
| 008 | 070925s2007 ne sb 001 0 eng d | ||
| 010 | _z 2007039681 | ||
| 020 | _z9789004162518 (hardback : alk. paper) | ||
| 040 |
_aCaPaEBR _cCaPaEBR |
||
| 035 | _a(OCoLC)646788959 | ||
| 043 |
_ae-be--- _ae-sp--- |
||
| 050 | 1 | 4 |
_aBS1 _b.W55 2007eb |
| 082 | 0 | 4 |
_a220.5/1 _222 |
| 100 | 1 |
_aWilkinson, Robert J. _q(Robert John), _d1955- |
|
| 245 | 1 | 4 |
_aThe Kabbalistic scholars of the Antwerp Polyglot Bible _h[electronic resource] / _cby Robert J. Wilkinson. |
| 260 |
_aLeiden ; _aBoston : _bBrill, _c2007. |
||
| 300 | _axi, 141 p. | ||
| 490 | 1 |
_aStudies in the history of Christian traditions ; _vv. 138 |
|
| 504 | _aIncludes bibliographical references and index. | ||
| 505 | 0 | _aThe Spanish tradition : the notion of a Polyglot -- The Spanish tradition : Hebrew studies and Kabbalistic influence -- The Northern scholars : Masius -- The Northern scholars : the role of Postel in the Antwerp Polyglot -- The Northern scholars : Guy Lefevre de la Boderie -- Plantin and the Antwerp Project -- The Polyglot : the Syriac New Testament and associated Kabbalistic material -- The Polyglot : the Censura -- The 1584 Paris Syriac New Testament -- Finale. | |
| 533 |
_aElectronic reproduction. _bPalo Alto, Calif. : _cebrary, _d2011. _nAvailable via World Wide Web. _nAccess may be limited to ebrary affiliated libraries. |
||
| 630 | 0 | 0 |
_aBible. _lPolyglot _xHistory. |
| 650 | 0 | _aCabala. | |
| 650 | 0 |
_aChurch history _y16th century. |
|
| 651 | 0 |
_aAntwerp (Belgium) _xChurch history _y16th century. |
|
| 651 | 0 |
_aSpain _xChurch history _y16th century. |
|
| 655 | 7 |
_aElectronic books. _2local |
|
| 710 | 2 | _aebrary, Inc. | |
| 830 | 0 |
_aStudies in the history of Christian traditions ; _vv. 138. |
|
| 856 | 4 | 0 |
_uhttp://site.ebrary.com/lib/rucke/Doc?id=10270737 _zAn electronic book accessible through the World Wide Web; click to view |
| 999 |
_c7887 _d7887 |
||